She Stoops To Conquer (Record no. 7359)

MARC details
000 -LEADER
fixed length control field 00625nam a2200181 4500
020 ## - INTERNATIONAL STANDARD BOOK NUMBER
ISBN 9780582331679
050 ## - CALL NUMBER
Classification number PR3488
Item number .A1
100 ## - AUTHOR
Personal name Goldsmith Oliver
245 ## - TITLE
Title She Stoops To Conquer
Statement of responsibility, etc Oliver Goldsmith
260 ## - PUBLICATION INFORMATION
Place of publication England :
Name of publisher Longman Group Limited :
Year of publication 1985
300 ## - DESCRIPTION
Number of Pages xxx. 110 pages :
Dimensions 20 cm
440 ## - SERIES
SERIES Longman Study Text
505 ## - FORMATTED CONTENTS NOTE
Table of Content A personal essay by Irving Wardle<br/>Introduction<br/>She Stoops To Conquer<br/>Notes <br/>Further reading<br/>Study questions
650 ## - SUBJECTS
Topical Term English drama (Comedy)
650 ## - SUBJECTS
Topical Term English literature.
650 ## - SUBJECTS
Topical Term DRAMA -- English, Irish, Scottish, Welsh.
942 ## - ADDED ENTRY ELEMENTS (KOHA)
Koha item type Books
Holdings
Withdrawn status Lost status Collection code Home library Current library Shelving location Date acquired Full call number Accession Number Koha item type
    Reference Methodist University Library Main Methodist University Library Main General Stacks 09/03/2008 PR3488 .A1 29712 Books
    Reference Methodist University Library Main Methodist University Library Main General Stacks 09/03/2008 PR3488 .A1 28924 Books
    Reference Methodist University Library Main Methodist University Library Main General Stacks 09/03/2008 PR3488 .A1 29714 Books
      Methodist University Library Main Methodist University Library Main General Stacks 09/03/2008 PR3488 .A1 29711 Books
      Methodist University Library Main Methodist University Library Main General Stacks 09/03/2008 PR3488 .A1 29710 Books
      Methodist University Library Main Methodist University Library Main General Stacks 09/03/2008 PR3488 .A1 29709 Books
      Methodist University Library Main Methodist University Library Main General Stacks 09/03/2008 PR3488 .A1 28928 Books
      Methodist University Library Main Methodist University Library Main General Stacks 09/03/2008 PR3488 .A1 28927 Books
      Methodist University Library Main Methodist University Library Main General Stacks 09/03/2008 PR3488 .A1 28926 Books
      Methodist University Library Main Methodist University Library Main General Stacks 09/03/2008 PR3488 .A1 28925 Books
Copyright © 2026  MUG Library